00579 2200205 4500001002100000005001500021035002000036007000300056008004100059082001000100084001600110100002300126245007900149250001000228260004300238300003400281650001700315504002900332990001200361INLIS00000000001710620240917101215 a0010-0924000104ta240917 g 0 ind  a658.4 a658.4 ERM a0 aERMAYA, Suradinata1 aAnalis Kepemimpinan :bStrategi Pengambilan Keputusan /cErmaya Suradinata acet.2 aBandung :bAlqaprint Jatinangor,c2014 axii, 196 hlm :bilus ;c21 cm 4aKEPEMIMPINAN aBibliografi: 178-180 hlm a12045 a